| 000 | 00681nam a22001937a 4500 | ||
|---|---|---|---|
| 005 | 20240314113130.0 | ||
| 008 | 090826t xxu||||| |||| 00| 0 eng d | ||
| 010 | _aENG-123226 | ||
| 020 |
_a9789380657042 _c100.00 |
||
| 035 | _aEN-123226 | ||
| 037 | _bDBAD/PUB | ||
| 082 | _a338.1095431 | ||
| 100 |
_aChitra, M _963322 |
||
| 245 |
_aAcreage and Yield Response of Major Crops In Tamil Nadu/ _cM. Chitra |
||
| 260 |
_bShanklax Publications _aVasantha Nagar _c2010 |
||
| 270 |
_a61, T.P.K. Main Road _bMadurai _e625003 |
||
| 300 |
_a134 p. _c21cm(pbk) |
||
| 942 |
_2ddc _cEN _h338.1095431 _mCHI _e1 |
||
| 999 |
_c201477 _d201477 |
||